000 00950nam a2200265 i 4500
001 8155
003 KOSZ 005
005 20191018140639.0
008 081111s1954 pl a f 001 0 pol
015 _aPB 1954/4122
040 _aWA N
_cKOSZ 005/RW
_dKOSZ 005/RW
080 _a662
100 1 _aKowalski, Jerzy
_c(nauki chemiczne).
_eAutor.
245 1 0 _aWytwarzanie gazu do syntezy /
_cJerzy Kowalski.
260 _aWarszawa :
_bPaństwowe Wydawnictwa Techniczne,
_c1954.
300 _a306, [2] s., [1] k. tabl. :
_bil. ;
_c25 cm.
380 _aKsiążki.
504 _aBibliogr. s. 299-[303]. Indeks.
521 8 _aDla inżynierów zatrudnionych w przemyśle chemicznym.
650 4 _aTechnologia chemiczna
650 4 _aGazy
710 2 _aPaństwowe Wydawnictwa Techniczne
_4pbl.
856 _uhttp://koha.tu.koszalin.pl/cgi-bin/koha/opac-detail.pl?biblionumber=8155
_yKatalog online BPK
942 _2UKD
_cKS
999 _c8155
_d8155